Statistics for 1954 FIFA World Cup Results

Click here to take the quiz!

General Stats

  • This quiz has been taken 103 times
  • The average score is 13 of 16

Answer Stats

Nation % Correct
Brazil
98%
Uruguay
95%
France
91%
Switzerland
89%
West Germany
89%
Austria
88%
Hungary
88%
Italy
88%
England
86%
Mexico
82%
Yugoslavia
82%
Czechoslovakia
72%
Belgium
70%
Scotland
58%
South Korea
47%
Turkey
47%

Score Distribution

Percentile by Number Answered

Percent of People with Each Score

Your Score History

You have not taken this quiz